000 00621nam a22001817a 4500
005 20251108164747.0
008 250721s1997 xx 000 0 ara d
082 1 4 _a615.89/فدا
100 1 _aعارف، أبو الفداء محمد عزت محمد
245 1 0 _aال 1000وصفة ذهبية في العلاج بالأعشاب الطبية :
_bكتاب كنز من كنوز ... /
264 1 _aالقاهرة :
_bدار الفضيلة،
_c1997.
300 _a160ص
650 1 7 _aالنباتات الطبية
650 1 7 _aالطب الشعبي
650 1 7 _aالأعشاب
942 _2ddc
_cBK
999 _c13682
_d13682